| 000 | 00577nam a2200229Ia 4500 | ||
|---|---|---|---|
| 003 | OSt | ||
| 005 | 20140311163141.0 | ||
| 008 | 140130s9999 xx 000 0 und d | ||
| 020 | _a0340655909 | ||
| 050 |
_aQC 173.59 _b.G846 1997 |
||
| 100 |
_aGribbin, Mary _922146 |
||
| 245 |
_aTime and the universe / _cGribbin, Mary |
||
| 260 |
_bScholastic, _c1997. _aNew York : |
||
| 300 |
_a128 p. : _bill. ; _c18 cm. |
||
| 440 |
_v1 _aWhats the big idea? _931180 |
||
| 521 | _aG6 | ||
| 526 | _c980 | ||
| 942 |
_cBK _2lcc |
||
| 999 |
_c41918 _d41918 |
||